| 000 | 00927cab a2200181 4500 | ||
|---|---|---|---|
| 001 | ##L136204 | ||
| 008 | 070117n2006 000 0 eng u | ||
| 035 | _a(Sirsi) u136204 | ||
| 041 | 0 | _aeng | |
| 100 | 1 | _aBragg, Ian | |
| 245 | 0 | 0 | _aHiring the right person for the job |
| 260 | _c2006 | ||
| 490 | 0 |
_aEstates Gazette _v(0645) 11 November 2006, 188(1) |
|
| 520 | _aSuggests that building surveyors can make proficient project monitors, a role traditionally carried out by quantity surveyors. The role involves monitoring a construction project on behalf of an interested party and project monitors can be employed by banks to oversee developments for which banks will provide funds. Outlines important issues that project monitors should consider and shows how building surveyors have the broad knowledge base to advise a fund/landlord. | ||
| 651 | 4 |
_aUnited Kingdom _y |
|
| 690 |
_aProject management _96261 |
||
| 942 | _n0 | ||
| 999 |
_c78193 _d78193 |
||